| 000 | 00498nam a22001817a 4500 | ||
|---|---|---|---|
| 999 |
_c57412 _d57412 |
||
| 005 | 20220928171358.0 | ||
| 008 | 200617s2011 enk||||| |||| 00| 0 eng d | ||
| 020 | _a9781439831601 | ||
| 041 | _aeng | ||
| 080 | _a515.2 S-58 | ||
| 100 |
_aShastri, Anant R. _98485 |
||
| 245 |
_aElements of Differential Topology / _cAnant R. Shastri. |
||
| 264 |
_aBoca Raton : _bCRC Press, _c2011. |
||
| 300 |
_a307 p.; _b25 cm. |
||
| 653 | _aტოპოლოგია | ||
| 653 | _aTopology | ||
| 942 |
_2udc _cBK |
||